|
|
|
|
| LEADER |
00000nab a2200000 a 4500 |
| 001 |
vtls008412073 |
| 003 |
SK-MaSNL |
| 005 |
20260426083831.0 |
| 008 |
250505c2005 xo mr|p|||||||000 b|slo |
| 015 |
|
|
|a SNBRB2005/11
|2 snkbucl
|
| 035 |
|
|
|a (uuid)6fb91d5d-9533-4564-9fee-2a303e0219d5
|
| 035 |
|
|
|a urn:nbn:sk:snk-ab23l6
|
| 035 |
|
|
|a (urnnbn)urn:nbn:sk:snk:ar-a01hwk
|
| 038 |
|
|
|a SNKBUCL
|
| 040 |
|
|
|a SNKBUCL
|b slo
|c SNKBUCL
|e AACR2
|
| 041 |
0 |
|
|a slo
|
| 044 |
|
|
|a xo
|c SK
|
| 080 |
|
|
|a 37.013:786.2
|x (437.6)
|2 1997
|
| 080 |
|
|
|a 786.2
|x (437.6)
|2 1997
|
| 100 |
1 |
|
|a Pergler, František,
|d 1967-
|4 aut
|9 103661
|
| 245 |
1 |
0 |
|a Vplyv nových hudobných škôl na rozvoj slovenskej klavírnej pedagogiky v 20. storočí
|n 2. časť
|c František Pergler
|
| 500 |
|
|
|a Poznámky k textu
|
| 648 |
|
7 |
|a 20. stor.
|2 snkbucl
|9 275975
|
| 650 |
0 |
7 |
|a hra na klavíri
|2 snkbucl
|9 16125
|
| 650 |
0 |
7 |
|a klavírna pedagogika
|2 snkbucl
|9 67441
|
| 650 |
0 |
7 |
|a hudobná výchova
|2 snkbucl
|9 1662
|
| 650 |
0 |
7 |
|a vyučovanie
|2 snkbucl
|9 1522
|
| 651 |
|
7 |
|a Slovensko
|2 snkbucl
|9 14231
|
| 773 |
0 |
|
|t Hudobný život
|g Roč. XXXVII, č. 9-10 (2005), s. 43-45
|x 1335-4140
|
| 850 |
|
|
|a Slovenská národná knižnica
|
| 852 |
|
|
|a Slovenská národná knižnica
|
| 954 |
|
|
|a odborná, vedecká literatúra pôvodná (slovenská)
|2 lita
|
| 958 |
|
|
|a article27
|
| 958 |
|
|
|a OND
|
| 958 |
|
|
|a SK
|
| 958 |
|
|
|a EUIPO
|
| 999 |
|
|
|c 2916038
|d 2917968
|